| 000 | 01471nam0a2200337 4500 | ||
|---|---|---|---|
| 001 | RU\NLR\bibl\1413844 | ||
| 005 | 20230209123010.0 | ||
| 010 |
_a978-5-91651-087-4 _96000 |
||
| 021 |
_aRU _b2009-53776 _93317 |
||
| 035 | _a(NLR Aleph) 001405817 | ||
| 090 |
_a1251249 _c1251249 |
||
| 100 | _a20090917d2010 u y0rusy50 ca | ||
| 101 | 0 | _arus | |
| 102 | _aRU | ||
| 105 | _aacg ||||||||| | ||
| 200 | 1 |
_aМузыка _e1-4 классы _eанализ произведений, ритмические игры, творческие задания _fИзд-во "Учитель" _gавт.-сост. Е.Н. Арсенина |
|
| 210 |
_aВолгоград _cУчитель _d2010 [т.е. 2009] |
||
| 215 |
_a151 с. _d20 _cил., портр., нот. |
||
| 225 | 1 | _aВ помощь преподавателю начальной школы | |
| 300 | _aКнига фактически изд. в 2009 г. | ||
| 320 | _aБиблиогр.: с. 150 | ||
| 606 | 1 |
_aМузыка _xПреподавание _xНачальная школа _92145336 _3RU\NLR\auth\661292566 |
|
| 686 | _aЧ426.67,01 | ||
| 702 | 1 |
_4220 _7ca _8rus _aАрсенина _bЕ. Н. _f1966- _gЕлена Николаевна _92702772 _3RU\NLR\AUTH\770291619 |
|
| 712 | 0 | 2 |
_4570 _a"Учитель", издательство _cВолгоград _9505853 _3RU\NLR\AUTH\8810004275 |
| 801 | 0 |
_aRU _bNLR _c20090917 _gRCR |
|
| 801 | 1 |
_aRU _bNLR _c20090917 |
|
| 942 | _cBOOK | ||
| 980 | _aNB | ||